1475 1853 1790 1948 1335 1830 1885 1427 1091 1902 1394 1253 1930 1993 1194 1094 1359 1154 1008 1902 1432 1574 1557 1321 1705 1126 1926 1830 1877 1365 1929 1741 1407 1438 1997 1759 1070 1746 1333 1276 1289 1136 1783 1070 1788 1732 1896 1005 1368 1719 1784 1794 1811 1482 1606 1181 1162 1110 1283 1605 1617 1789 1810 1816 1237 1542 1013 1875 1875 1968 1115 1375 1466 1223 1667 1821 1165 1796 1402 1152 1146 1660 1029 1984 1892 1384 1099 1285 1246 1314 1336 1195 1743 1476 1603 1785 1323 1910 1981 BCNSPRNW ULIB Ver.6.0+V

เปลี่ยนเป็นภาษาไทย

Change to English
 แสดงรายละเอียดบรรณานุกรม
  กลับหน้าหลัก

Brief Record : Get Marc (ISO 2709) : E-mail record : QR code < ปิดหน้าต่าง
LEADER : 00000nam 2200000uu 4500
001    13399113739
003     ULIB
008    111220s2546||||th 000 0 tha d
020    ^a9744652721
060 04 ^aWA546^bก111น 2546
110 1  ^aกระทรวงสาธารณสุข^bกรมสนับสนุนบริการสุขภาพ.
245 10 ^aแนวปฏิบัติบริการสุขภาพสำหรับศูนย์สุขภาพชุมชน:ด้านการส่งสริมสุขภาพ /^cกรมสนับสนุนบริการสุขภาพ.
260    ^aนนทบุรี:^bกรมสนับสนุนบริการสุขภาพ,^c2546
300    ^a112 หน้า ;^c30 ซม.
650  7 ^aบริการสุขภาพ^xด้านจการรักษาพยาบาล
650  7 ^aศูนย์สุขภาพชุมชน
650  7 ^aการส่งเสริมสุขภาพ
945    ^p0^l0^i13015
945    ^p0^l0^i13014
995    ^aกัณชพร
999    ^aใช้งานได้ทุกระบบ
รายการนี้ยังไม่มีแท็ก
คุณยังไม่ได้ล็อกอิน คุณสามารถมีกิจกรรมร่วมกับเว็บไซต์ได้ แต่ต้องล็อกอินก่อน ::
  ล็อกอิน

รายการสื่อสารสนเทศ

ลำดับที่ ประเภท เลขเรียก/บาร์โค้ด สถานที่ สถานะ
- ไม่พบข้อมูล -

รายการใกล้เคียง
    หัวเรื่อง [ศูนย์สุขภาพชุมชน]
    หัวเรื่อง [การส่งเสริมสุขภาพ]

BibComment


ยังไม่เคยถูกคอมเมนท์

คอมเมนท์ทรัพยากรรายการนี้
  คอมเมนท์: แนวปฏิบัติบริการ..


 Copyright 2026. Bcnsprnw @Library